000
00300nam a22001337a 4500
008
180919b xxu||||| |||| 00| 0 eng d
020
_a
9780470091715
041
_a
eng
080
_a
336
100
_a
56
101
_a
FIN
245
_a
Quantitave Financial Economics
_c
Stocks,B
942
_2
udc
_c
BK
999
_c
48003
_d
48003